UBT Library

Why Iceland? / (Record no. 920)

000 -LEADER
fixed length control field 00599nam a22002057a 4500
008 - FIXED-LENGTH DATA ELEMENTS--GENERAL INFORMATION
fixed length control field 150528b xxu||||| |||| 00| 0 eng d
020 ## - INTERNATIONAL STANDARD BOOK NUMBER
International Standard Book Number 9780071632843
041 0# - LANGUAGE CODE
Language code of text/sound track or separate title ENG
080 ## - UNIVERSAL DECIMAL CLASSIFICATION NUMBER
Universal Decimal Classification number 332
100 ## - Rafti
Rafti Ásgeir Jónsson.
245 00 - TITLE STATEMENT
Title Why Iceland? /
Statement of responsibility, etc Ásgeir Jónsson.
260 ## -
-- New York :
-- McGraw-Hill,
-- c2009.
300 ## -
-- 230 f
-- 24 cm
500 ## -
-- index
650 ## -
-- Financial crises
-- History
-- 21st century.
-- Iceland
650 ## -
-- Financial crises
-- 21st century.
650 ## -
-- Banks and banking
-- Iceland.
650 ## -
-- Business cycles
-- History
-- 21st century.
942 ## - ADDED ENTRY ELEMENTS (KOHA)
Source of classification or shelving scheme
Item type Books
Holdings
Withdrawn status Lost status Source of classification or shelving scheme Damaged status Not for loan Collection code Permanent location Current location Shelving location Date acquired Total Checkouts Full call number Date last seen Price effective from Koha item type
          Koleksioni i përgjithshem UBT - Lipjan UBT - Lipjan Koleksioni i përgjithshem 05/28/2015   332 JON 05/28/2015 05/28/2015 Books
UBT Library © 2015-2024. All rights reserved University Education for Business and Technology